|
|
|
|
| LEADER |
00000nam a2200000 i 4500 |
| 001 |
DIGUAZUAY0020 |
| 003 |
NyNyDIG |
| 007 |
cr ||||||||||| |
| 008 |
240219s2018 ec a bo 000 j spa d |
| 006 |
m o d |
| 035 |
|
|
|a (OCoLC)1423251270
|
| 040 |
|
|
|a DGITA
|b eng
|e rda
|e pn
|c DGITA
|
| 020 |
|
|
|a 9789978325889
|q eBook
|
| 020 |
|
|
|z 9789978325698
|
| 050 |
1 |
4 |
|a PQ8220.41.L92 ebook
|
| 100 |
1 |
|
|a Álvarez, Alexandra,
|e author.
|
| 245 |
1 |
0 |
|a Monstruodion /
|c autores, Alexandra Álvarez [and 3 others].
|
| 250 |
|
|
|a Primera edición.
|
| 264 |
|
1 |
|a Cuenca, Ecuador :
|b Universidad del Azuay Casa Editora,
|c [2018]
|
| 300 |
|
|
|a 1 online resource :
|b color illustrations.
|
| 336 |
|
|
|a text
|b txt
|2 rdacontent
|
| 337 |
|
|
|a computer
|b c
|2 rdamedia
|
| 338 |
|
|
|a online resource
|b cr
|2 rdacarrier
|
| 347 |
|
|
|a text file
|2 rdaft
|
| 347 |
|
|
|b PDF
|
| 588 |
0 |
|
|a Online resource; title from PDF title page (Digitalia, viewed February 19, 2024)
|
| 650 |
|
0 |
|a Monsters
|v Juvenile fiction.
|
| 655 |
|
7 |
|a Short stories.
|2 lcgft
|
| 791 |
2 |
|
|a Digitalia (Firm),
|e distributor.
|
| 793 |
0 |
|
|g Digitalia eBook Collection:
|a Universidad del Azuay
|
| 776 |
0 |
8 |
|i Print version:
|a Álvarez, Alexandra.
|t Monstruodion.
|b Primera edición.
|d Cuenca, Ecuador : Universidad del Azuay Casa Editora, [2018]
|z 9789978325698
|
| 856 |
4 |
0 |
|3 Digitalia Hispánica
|u https://www.digitaliapublishing.com/a/133403/
|
| 910 |
|
|
|a Premium collection: 2024
|